Escuela de Estudios Elementales Marítimos de Barcelona
Descripción Física:
[17] p. : il. ; 21 cm
MARC
| LEADER | 00000nam a2200000Ia 4500 | ||
|---|---|---|---|
| 001 | 11414 | ||
| 003 | BGR | ||
| 005 | 20260324175708.0 | ||
| 008 | 160829s9999 xx 000 0 cat d | ||
| 080 | |a FU-12-88 | ||
| 110 | 1 | |a Escuela de Estudios Elementales Marítimos (Barcelona) |9 70822 | |
| 245 | |a Escuela de Estudios Elementales Marítimos de Barcelona | ||
| 260 | |a Barcelona : |b Diputación Provincial, [1941 ?] | ||
| 300 | |a [17] p. : |b il. ; |c 21 cm | ||
| 610 | 1 | 0 | |a Escuela de Estudios Elementales Marítimos (Barcelona) |9 70822 |
| 710 | 1 | |a Barcelona (Catalunya : Província). |b Diputació |9 52408 | |
| 901 | |a Arxiu | ||
| 942 | |n 1 |2 udc |c MON | ||
| 952 | |0 0 |1 0 |4 0 |6 FU1288 |7 1 |9 48264 |a Arxiu |b Arxiu |d 2016-12-01 |l 0 |o FU-12-88 |p 11414 |r 2016-12-01 00:00:00 |w 2016-12-01 |y ARXIU | ||
| 999 | |c 52070 |d 52070 | ||